000 00648cam a2200241 a 4500
001 000008045
005 20200929154416.0
008 901219s1995 sp 000 f spa d
020 _a8420646016
040 _aDO-SdBNP
_bspa
_cBNPHU
082 _a863.64
_bD353m
100 1 _aDelibes, Miguel,
_d1920-2010
_93297
245 1 3 _aLa mortaja /
_cMiguel Delibes.
260 _aMadrid :
_bAlianza,
_c1995.
300 _a62 p. ;
_c15 cm.
490 1 _aAlianza cien
650 4 _aCuentos españoles
_93194
650 4 _aLiteratura española
_9632
830 0 _aAlianza cien
_912832
910 _aCatalogación derivada
910 _aWM
049 _aBNGR
999 _c7822
_d7822